[Event "Ufa Penzina Memorial"]
[Site "Ufa"]
[Date "2023.08.12"]
[Round "7"]
[White "Akhmetova, Karina"]
[Black "Baiburina, Kamilla"]
[Result "0-1"]
[WhiteElo "1850"]
[BlackElo "1711"]
[PlyCount "98"]
[EventDate "2023.08.06"]
[EventType "swiss"]
[EventRounds "9"]
[EventCountry "RUS"]
[SourceTitle "CBM 215 Extra"]
[Source "ChessBase"]
[SourceDate "2023.09.30"]
[SourceVersion "1"]
[SourceVersionDate "2023.09.30"]
[SourceQuality "1"]

1. g3 e6 2. Bg2 Nf6 3. c4 Be7 4. b3 0-0 5. Bb2 d5 6. Nf3 b6 7. 0-0 Bb7 8. d4 Nbd7 9. Nc3 c5 10. cxd5 Nxd5 11. Nxd5 Bxd5 12. Re1 Nf6 13. Rc1 Rc8 14. Ba3 Ne4 15. Nd2 Nxd2 16. Qxd2 Bxg2 17. Kxg2 Bf6 18. e3 Qd5+ 19. Kg1 e5 20. Bb2 exd4 21. exd4 cxd4 22. Rcd1 Rfd8 23. Qd3 Rd7 24. Re4 Rcd8 25. Rde1 g6 26. Ba3 h5 27. Qd2 Bg7 28. Bb2 Qc6 29. Qf4 Qf6 30. Re8+ Kh7 31. Qxf6 Bxf6 32. Rxd8 Rxd8 33. Rd1 g5 34. Kf1 Kg6 35. Ke1 Kf5 36. Kd2 Ke4 37. Re1+ Kf3 38. Re2 Rd5 39. Kd3 h4 40. Bc1 h3 41. Bb2 Be5 42. Bc1 g4 43. Bb2 f5 44. Bc1 Bd6 45. Bd2 Re5 46. Re1 Rxe1 47. Bxe1 Kg2 48. Ke2 d3+ 49. Kxd3 Kxh2 0-1

[Event "Ufa Penzina Memorial"]
[Site "Ufa"]
[Date "2023.08.07"]
[Round "2"]
[White "Baiburina, Kamilla"]
[Black "Yusupova, Zhisel"]
[Result "1-0"]
[WhiteElo "1711"]
[BlackElo "1462"]
[PlyCount "93"]
[EventDate "2023.08.06"]
[EventType "swiss"]
[EventRounds "9"]
[EventCountry "RUS"]
[SourceTitle "CBM 215 Extra"]
[Source "ChessBase"]
[SourceDate "2023.09.30"]
[SourceVersion "1"]
[SourceVersionDate "2023.09.30"]
[SourceQuality "1"]

1. c4 e5 2. g3 d6 3. Bg2 f5 4. Nc3 Nf6 5. d3 Nc6 6. Nf3 g6 7. 0-0 Bg7 8. Ne1 0-0 9. Nc2 Be6 10. b4 d5 11. cxd5 Nxd5 12. Nxd5 Bxd5 13. Bxd5+ Qxd5 14. Ne3 Qe6 15. Bb2 Rab8 16. Bc1 Ra8 17. Nc4 e4 18. Rb1 exd3 19. exd3 Rad8 20. Bf4 Rd7 21. Re1 Qd5 22. Ne3 Qf7 23. b5 Nd4 24. Nc4 Qd5 25. Re3 Nxb5 26. Be5 c6 27. Bxg7 Kxg7 28. Qe1 Nd4 29. Ne5 Rc7 30. Qc3 Rd8 31. f4 Kg8 32. Rbe1 c5 33. a4 b6 34. Qb2 Rcc8 35. Kf2 Kf8 36. Nf3 Rc7 37. Ng5 Rcd7 38. Re5 Qg8 39. R5e3 Qd5 40. Re5 Qg8 41. a5 h6 42. Ne6+ Nxe6 43. Rxe6 Qh7 44. Qf6+ Qf7 45. Qh8+ Qg8 46. Re8+ Rxe8 47. Rxe8+ 1-0

[Event "Moscow op (Women) 17th"]
[Site "Moscow"]
[Date "2021.02.24"]
[Round "5"]
[White "Volchkova, Alena"]
[Black "Baiburina, Kamilla"]
[Result "0-1"]
[WhiteElo "1539"]
[BlackElo "1829"]
[PlyCount "48"]
[EventDate "2021.02.20"]
[EventType "swiss"]
[EventRounds "9"]
[EventCountry "RUS"]
[SourceTitle "CBM 200 Extra"]
[Source "ChessBase"]
[SourceDate "2021.03.31"]
[SourceVersion "1"]
[SourceVersionDate "2021.03.31"]
[SourceQuality "1"]

1. e4 e6 2. d4 d5 3. Nc3 Nf6 4. e5 Nfd7 5. f4 c5 6. Nf3 Nc6 7. Be3 cxd4 8. Nxd4 Bc5 9. Qd2 0-0 10. Be2 Qe7 11. 0-0-0 a6 12. g4 Nxd4 13. Bxd4 b5 14. f5 Bxd4 15. Qxd4 b4 16. fxe6 bxc3 17. exd7 cxb2+ 18. Kb1 Bxd7 19. Qxd5 Be6 20. Qe4 Rac8 21. Qa4 Rc5 22. Qb4 Qc7 23. Bd3 Rb8 24. Qe4 Bxa2+ 0-1

[Event "Moscow op (Women) 17th"]
[Site "Moscow"]
[Date "2021.02.21"]
[Round "2"]
[White "Baiburina, Kamilla"]
[Black "Novikova, Daria1111"]
[Result "1-0"]
[WhiteElo "1829"]
[BlackElo "1430"]
[PlyCount "107"]
[EventDate "2021.02.20"]
[EventType "swiss"]
[EventRounds "9"]
[EventCountry "RUS"]
[SourceTitle "CBM 200 Extra"]
[Source "ChessBase"]
[SourceDate "2021.03.31"]
[SourceVersion "1"]
[SourceVersionDate "2021.03.31"]
[SourceQuality "1"]

1. c4 c6 2. g3 d5 3. Nf3 Nf6 4. Bg2 Bf5 5. cxd5 cxd5 6. Qb3 Qb6 7. Qxb6 axb6 8. Nc3 e6 9. 0-0 Nc6 10. d3 Bd6 11. Rd1 Bg4 12. h3 Bxf3 13. Bxf3 Nd4 14. Bg2 Bb4 15. Kf1 Nd7 16. Rb1 Nc2 17. Bd2 0-0 18. a3 Bc5 19. e3 d4 20. Ne4 dxe3 21. Nxc5 e2+ 22. Kxe2 Nxc5 23. Bc3 e5 24. Bxe5 Rfe8 25. Kd2 Rxe5 26. Kxc2 Re2+ 27. Rd2 Rxd2+ 28. Kxd2 Rd8 29. Bf1 Nb3+ 30. Kc3 Nd4 31. Rd1 f5 32. Re1 Kf7 33. Bg2 Nc6 34. Rd1 Rc8 35. d4 Ke7 36. d5 Ne5+ 37. Kd4 Kd6 38. f4 Rc4+ 39. Ke3 Nd7 40. Kd3 b5 41. b4 Nf6 42. Re1 Rc8 43. Re6+ Kd7 44. Rb6 Ra8 45. Rxb7+ Kd6 46. Rb6+ Kd7 47. Rb7+ Kd6 48. Kd4 Nd7 49. g4 g6 50. Rxb5 Rxa3 51. Ra5 Rg3 52. Ra6+ Ke7 53. d6+ Kf8 54. Bc6 1-0

[Event "RUS-chT (Women)"]
[Site "Sochi"]
[Date "2020.11.28"]
[Round "9.2"]
[White "Baiburina, Kamilla"]
[Black "Nazarova, Anastasia"]
[Result "0-1"]
[WhiteElo "1805"]
[BlackElo "2190"]
[PlyCount "124"]
[EventDate "2020.11.19"]
[EventType "team-swiss"]
[EventRounds "9"]
[EventCountry "RUS"]
[SourceTitle "CBM 199 Extra"]
[Source "ChessBase"]
[SourceDate "2021.01.31"]
[SourceVersion "1"]
[SourceVersionDate "2021.01.31"]
[SourceQuality "1"]
[WhiteTeam "Bashkortostan Tolpar (W)"]
[BlackTeam "St Petersburg SHSH (W) II"]
[WhiteTeamCountry "RUS"]
[BlackTeamCountry "RUS"]

1. c4 Nf6 2. g3 e6 3. Bg2 d5 4. Nf3 d4 5. 0-0 c5 6. b3 Nc6 7. e3 Bd6 8. Bb2 e5 9. d3 0-0 10. Nbd2 dxe3 11. fxe3 Bg4 12. Ne4 Nxe4 13. dxe4 Qe7 14. Qc2 Rad8 15. a3 Qe6 16. Nh4 Qh6 17. Qf2 g6 18. h3 Be6 19. g4 Na5 20. Nf3 Nxb3 21. Rad1 f6 22. Qe2 Na5 23. Nd2 Bc7 24. Bc3 Nc6 25. Rb1 b6 26. Rbd1 Qg7 27. Nf3 h6 28. Rxd8 Bxd8 29. Rc1 Be7 30. Nd2 Rd8 31. Nb1 Qf7 32. Be1 Bf8 33. Bf1 Ne7 34. Nc3 Nc8 35. Nd5 Nd6 36. Bg2 Bxd5 37. exd5 f5 38. gxf5 gxf5 39. e4 Bg7 40. Bh4 Bf6 41. Bf2 fxe4 42. Bxe4 Kh8 43. Kh1 Rg8 44. Qf3 Bg5 45. Qxf7 Nxf7 46. Rc3 Nd6 47. Bg2 Bf4 48. Bh4 Bg5 49. Bg3 Re8 50. Bf3 Kg7 51. Kg2 Bf4 52. Bh5 Re7 53. Bh4 Rb7 54. Kf3 Bd2 55. Rc2 e4+ 56. Ke2 Bg5 57. Bxg5 hxg5 58. Bg4 Kf6 59. Ke3 Ke5 60. Be6 b5 61. cxb5 Rxb5 62. Rc3 c4 0-1

[Event "RUS-chT (Women)"]
[Site "Sochi"]
[Date "2020.11.23"]
[Round "5.5"]
[White "Baiburina, Kamilla"]
[Black "Zhurova, Anna"]
[Result "1/2-1/2"]
[WhiteElo "1805"]
[BlackElo "2078"]
[PlyCount "104"]
[EventDate "2020.11.19"]
[EventType "team-swiss"]
[EventRounds "9"]
[EventCountry "RUS"]
[SourceTitle "CBM 199 Extra"]
[Source "ChessBase"]
[SourceDate "2021.01.31"]
[SourceVersion "1"]
[SourceVersionDate "2021.01.31"]
[SourceQuality "1"]
[WhiteTeam "Bashkortostan Tolpar (W)"]
[BlackTeam "Voronezh Turbonasos (W)"]
[WhiteTeamCountry "RUS"]
[BlackTeamCountry "RUS"]

1. c4 Nf6 2. g3 e6 3. Bg2 d5 4. Nf3 d4 5. 0-0 c5 6. e3 Nc6 7. exd4 cxd4 8. d3 Bd6 9. Re1 0-0 10. Nbd2 e5 11. Ng5 Nd7 12. Nde4 Be7 13. f4 h6 14. Nf3 f5 15. Nf2 exf4 16. Bxf4 g5 17. Bc1 Nf6 18. a3 a5 19. Ne5 Nxe5 20. Rxe5 Qc7 21. Re1 Bd6 22. Kh1 Bd7 23. Bd2 Bc6 24. Rg1 Kh8 25. b4 f4 26. gxf4 Bxf4 27. b5 Bxg2+ 28. Rxg2 Be3 29. Ng4 Nxg4 30. Qxg4 Rf4 31. Qe6 Qg7 32. Bxe3 dxe3 33. Re1 Raf8 34. Qxe3 Rf3 35. Qe4 R8f4 36. Qd5 Rf5 37. Re8+ Kh7 38. Qe4 R3f4 39. Qe3 Rf7 40. Re5 Qf6 41. Rg1 Rf1 42. Qe2 Rf2 43. Qe4+ Kg7 44. Re6 Qf3+ 45. Qxf3 R7xf3 46. Rd6 Re3 47. c5 Ree2 48. Rc1 Rxh2+ 49. Kg1 Reg2+ 50. Kf1 Rb2 51. Kg1 Rhg2+ 52. Kh1 Rh2+ 1/2-1/2

[Event "RUS-chT (Women)"]
[Site "Sochi"]
[Date "2020.11.22"]
[Round "4.6"]
[White "Gubernatorova, Lyudmila"]
[Black "Baiburina, Kamilla"]
[Result "1-0"]
[WhiteElo "2200"]
[BlackElo "1805"]
[PlyCount "83"]
[EventDate "2020.11.19"]
[EventType "team-swiss"]
[EventRounds "9"]
[EventCountry "RUS"]
[SourceTitle "CBM 199 Extra"]
[Source "ChessBase"]
[SourceDate "2021.01.31"]
[SourceVersion "1"]
[SourceVersionDate "2021.01.31"]
[SourceQuality "1"]
[WhiteTeam "Belgorodsk Region (W)"]
[BlackTeam "Bashkortostan Tolpar (W)"]
[WhiteTeamCountry "RUS"]
[BlackTeamCountry "RUS"]

1. d4 e6 2. c4 b6 3. Nc3 Bb7 4. Nf3 Nf6 5. e3 Bb4 6. Bd2 Bxc3 7. Bxc3 Ne4 8. Rc1 d6 9. Bd3 Nd7 10. 0-0 0-0 11. Be1 f5 12. Nd2 Qg5 13. f4 Qg6 14. Nxe4 Bxe4 15. Bxe4 fxe4 16. b4 Rad8 17. Rc2 c5 18. dxc5 dxc5 19. Rd2 Qe8 20. Bh4 Nf6 21. b5 Qe7 22. Rff2 e5 23. f5 Rd3 24. Rxd3 exd3 25. Qxd3 Rd8 26. Bxf6 gxf6 27. Qe4 Qd7 28. h3 Qg7 29. Kh2 Kh8 30. g4 Qg5 31. Rg2 h6 32. Kg3 h5 33. h4 Qxg4+ 34. Qxg4 hxg4 35. Kxg4 Kg7 36. Kf3+ Kf7 37. h5 Rh8 38. Rh2 Kg7 39. Ke4 Rh7 40. Kd5 Kf7 41. h6 Ke7 42. Ke4 1-0

[Event "RUS-chT (Women)"]
[Site "Sochi"]
[Date "2019.05.10"]
[Round "9.4"]
[White "Baiburina, Kamilla"]
[Black "Filippova, Darya"]
[Result "1/2-1/2"]
[WhiteElo "1788"]
[BlackElo "2070"]
[PlyCount "133"]
[EventDate "2019.05.01"]
[EventType "team-swiss"]
[EventRounds "9"]
[EventCountry "RUS"]
[SourceTitle "CBM 190 Extra"]
[Source "ChessBase"]
[SourceDate "2019.07.15"]
[SourceVersion "1"]
[SourceVersionDate "2019.07.15"]
[SourceQuality "1"]
[WhiteTeam "Bashkortostan Tolpar (W)"]
[BlackTeam "Cheliabinsk Yuzhnyy Ural (W)"]
[WhiteTeamCountry "RUS"]
[BlackTeamCountry "RUS"]

1. e4 c6 2. Nf3 d5 3. Nc3 Nf6 4. e5 Ne4 5. d3 Nxc3 6. bxc3 e6 7. d4 c5 8. Bd3 Be7 9. 0-0 Nc6 10. Be3 0-0 11. Nd2 Qa5 12. Nb3 Qc7 13. Be2 Bd7 14. f4 cxd4 15. cxd4 Na5 16. Bd3 g6 17. g4 Nc4 18. Bc1 f6 19. Re1 fxe5 20. fxe5 Rf7 21. Bh6 Bf8 22. Qc1 b6 23. Qg5 Be7 24. Qc1 Qd8 25. Rf1 Rxf1+ 26. Bxf1 a5 27. Qf4 Bb4 28. Bd3 a4 29. Rf1 Qe7 30. Bxc4 axb3 31. Bxb3 Bb5 32. Rb1 Be2 33. Kf2 Ba6 34. Qf6 Qxf6+ 35. exf6 Bd6 36. h4 Kf7 37. Bg5 b5 38. Kf3 Rc8 39. Rf1 Rc3+ 40. Be3 Kxf6 41. h5 g5 42. Ke2+ Kg7 43. Kd2 b4 44. Rf3 Bf4 45. Ba4 Kf6 46. Bb3 Rxe3 47. Rxe3 Bf1 48. Ke1 Bxe3 49. Kxf1 Bxd4 50. Ke2 Ke5 51. Kf3 h6 52. Ba4 Kd6 53. Bb5 e5 54. Ba6 e4+ 55. Ke2 Ke5 56. Bc8 Bc5 57. Bd7 Kd4 58. Kd2 Kc4 59. Be6 Bd6 60. Ke2 Bf4 61. Bf7 Kd4 62. Be6 Ke5 63. Bc8 Bc1 64. Bb7 Kf4 65. Bc8 d4 66. Bf5 Kg3 67. Be6 1/2-1/2

[Event "RUS-chT (Women)"]
[Site "Sochi"]
[Date "2019.05.07"]
[Round "6.4"]
[White "Makarova, Ekaterina"]
[Black "Baiburina, Kamilla"]
[Result "1/2-1/2"]
[WhiteElo "1630"]
[BlackElo "1788"]
[PlyCount "100"]
[EventDate "2019.05.01"]
[EventType "team-swiss"]
[EventRounds "9"]
[EventCountry "RUS"]
[SourceTitle "CBM 190 Extra"]
[Source "ChessBase"]
[SourceDate "2019.07.15"]
[SourceVersion "1"]
[SourceVersionDate "2019.07.15"]
[SourceQuality "1"]
[WhiteTeam "Altai Territory (W)"]
[BlackTeam "Bashkortostan Tolpar (W)"]
[WhiteTeamCountry "RUS"]
[BlackTeamCountry "RUS"]

1. d4 Nf6 2. Nf3 e6 3. Bf4 c5 4. c3 b6 5. Nbd2 Bb7 6. e3 Be7 7. Be2 0-0 8. 0-0 Nc6 9. Ne5 cxd4 10. exd4 Nd5 11. Bg3 f5 12. Nxc6 Bxc6 13. h3 Nf6 14. Bf3 Qc8 15. Re1 Re8 16. Qb3 Kh8 17. c4 Qb7 18. Be5 Bxf3 19. Nxf3 Ne4 20. Bh2 Rac8 21. Qd3 Rf8 22. b3 d5 23. cxd5 Rc3 24. Qe2 Qxd5 25. Rac1 Rfc8 26. Rxc3 Rxc3 27. Qa6 Qd7 28. Bb8 Bf6 29. Qxa7 Qd8 30. Be5 Bxe5 31. Nxe5 Qe8 32. Qxb6 Rc2 33. Rf1 Rxa2 34. Nd7 h6 35. Nc5 Nd2 36. Rc1 Qg6 37. Qxe6 Qg5 38. Qe8+ Kh7 39. Qe3 Nf3+ 40. Kh1 Nxd4 41. Qxg5 hxg5 42. f3 Rb2 43. Rc3 f4 44. Ne4 Ne2 45. Rc5 Kh6 46. Kh2 Rxb3 47. Rxg5 Ng3 48. Rd5 Nf1+ 49. Kg1 Ne3 50. Rd6+ g6 1/2-1/2

[Event "RUS Cup U15 Girls final"]
[Site "Bryansk"]
[Date "2019.01.10"]
[Round "7"]
[White "Kasaeva, Sofiia"]
[Black "Baiburina, Kamilla"]
[Result "1-0"]
[WhiteElo "1856"]
[BlackElo "1884"]
[PlyCount "40"]
[EventDate "2019.01.04"]
[EventType "tourn"]
[EventRounds "7"]
[EventCountry "RUS"]
[SourceTitle "CBM 189 Extra"]
[Source "ChessBase"]
[SourceDate "2019.06.03"]
[SourceVersion "1"]
[SourceVersionDate "2019.06.03"]
[SourceQuality "1"]

1. e4 e5 2. Nf3 Nf6 3. d4 Nxe4 4. Bd3 d5 5. Nxe5 Bd6 6. 0-0 0-0 7. c4 c6 8. Nc3 Nxc3 9. bxc3 dxc4 10. Nxc4 Bc7 11. Qh5 f5 12. Re1 g6 13. Qh6 Nd7 14. Bg5 Nf6 15. Ne5 Bxe5 16. Bc4+ Kh8 17. dxe5 Ng4 18. Bxd8 Nxh6 19. Bf6+ Rxf6 20. exf6 Bd7 1-0

[Event "RUS Cup U15 Girls final"]
[Site "Bryansk"]
[Date "2019.01.08"]
[Round "5"]
[White "Vorobieva, Varvara"]
[Black "Baiburina, Kamilla"]
[Result "0-1"]
[WhiteElo "1873"]
[BlackElo "1884"]
[PlyCount "62"]
[EventDate "2019.01.04"]
[EventType "tourn"]
[EventRounds "7"]
[EventCountry "RUS"]
[SourceTitle "CBM 189 Extra"]
[Source "ChessBase"]
[SourceDate "2019.06.03"]
[SourceVersion "1"]
[SourceVersionDate "2019.06.03"]
[SourceQuality "1"]

1. e4 d6 2. d4 Nf6 3. Nc3 Nbd7 4. Nf3 e5 5. Bc4 Be7 6. 0-0 0-0 7. h3 c6 8. a4 a5 9. Qe2 Qc7 10. Rd1 Nb6 11. Ba2 Nfd7 12. Be3 exd4 13. Nxd4 Nc5 14. Nf5 Bxf5 15. exf5 Rae8 16. Qg4 Nbd7 17. Bd4 Nf6 18. Qg3 Qc8 19. Qf3 d5 20. Ne2 Nce4 21. c4 dxc4 22. Bxc4 Qc7 23. Nc3 Ng5 24. Qd3 h6 25. h4 Ngh7 26. Qf3 h5 27. g3 Ng4 28. Re1 Bxh4 29. gxh4 Qh2+ 30. Kf1 Qxh4 31. Qg3 Qh1+ 0-1

[Event "RUS Cup U15 Girls final"]
[Site "Bryansk"]
[Date "2019.01.05"]
[Round "2"]
[White "Baiburina, Kamilla"]
[Black "Zaripova, Arina"]
[Result "1-0"]
[WhiteElo "1884"]
[BlackElo "1688"]
[PlyCount "123"]
[EventDate "2019.01.04"]
[EventType "tourn"]
[EventRounds "7"]
[EventCountry "RUS"]
[SourceTitle "CBM 189 Extra"]
[Source "ChessBase"]
[SourceDate "2019.06.03"]
[SourceVersion "1"]
[SourceVersionDate "2019.06.03"]
[SourceQuality "1"]

1. e4 c5 2. Nc3 d6 3. f4 Nc6 4. Nf3 g6 5. Bc4 Bg7 6. d3 e6 7. 0-0 Nge7 8. Qe1 0-0 9. f5 gxf5 10. Qg3 Kh8 11. Qh4 f6 12. a4 Qe8 13. Nb5 Qd8 14. Qg3 e5 15. Bd2 a6 16. Nc3 f4 17. Qf2 Qe8 18. Ne2 Ng6 19. Rad1 Be6 20. Nc3 Nb4 21. Bc1 Bxc4 22. dxc4 Qe6 23. b3 Ne7 24. Ba3 Nbc6 25. Rd3 Rad8 26. Nh4 f5 27. Rh3 Nd4 28. Nd5 Kg8 29. Nxe7+ Qxe7 30. c3 Nxb3 31. Nxf5 Qe6 32. Qh4 h6 33. Qg4 Rxf5 34. exf5 Qf6 35. Qd1 Na5 36. Qd5+ Qf7 37. Rd1 Nxc4 38. Bxc5 Nb2 39. Qxf7+ Kxf7 40. Rxd6 Rxd6 41. Bxd6 Nxa4 42. c4 Kf6 43. g4 Kg5 44. Rb3 b6 45. Be7+ Bf6 46. h4+ Kxg4 47. Bxf6 Kxf5 48. Bd8 b5 49. cxb5 axb5 50. Rxb5 Nc3 51. Rc5 Ne4 52. Ra5 Nd6 53. Bc7 Nf7 54. Kf2 Kg4 55. Bxe5 Kxh4 56. Bxf4 Kg4 57. Ke3 h5 58. Ra7 Nd8 59. Rg7+ Kh3 60. Rg3+ Kh4 61. Kf2 Ne6 62. Bh6 1-0

[Event "RUS-CHN Junior rapid"]
[Site "Belokurikha"]
[Date "2018.07.16"]
[Round "7.7"]
[White "Baiburina, Kamilla"]
[Black "Lu, Jiahan"]
[Result "1/2-1/2"]
[WhiteElo "1778"]
[BlackElo "1779"]
[PlyCount "44"]
[EventDate "2018.07.15"]
[EventType "schev (rapid)"]
[EventRounds "8"]
[EventCountry "RUS"]
[SourceTitle "CBM 185 Extra"]
[Source "ChessBase"]
[SourceDate "2018.07.29"]
[SourceVersion "1"]
[SourceVersionDate "2018.07.29"]
[SourceQuality "1"]
[WhiteTeam "Russia"]
[BlackTeam "China"]
[WhiteTeamCountry "RUS"]
[BlackTeamCountry "CHN"]

1. e4 c5 2. Nf3 e6 3. d4 cxd4 4. Nxd4 Nf6 5. Nc3 Nc6 6. g3 Bb4 7. Bg2 d5 8. exd5 Nxd5 9. 0-0 0-0 10. Nxd5 exd5 11. c3 Be7 12. Bf4 a6 13. Qb3 Bf6 14. Rad1 Bxd4 15. cxd4 Ne7 16. Rc1 b5 17. Rc7 Be6 18. Rfc1 Nf5 19. Qd3 Re8 20. R7c5 Qd7 21. Rc7 Qd8 22. R7c5 Qd7 1/2-1/2

[Event "RUS-CHN Junior rapid"]
[Site "Belokurikha"]
[Date "2018.07.15"]
[Round "1.7"]
[White "Baiburina, Kamilla"]
[Black "Song, Zihou"]
[Result "1-0"]
[WhiteElo "1778"]
[BlackElo "1638"]
[PlyCount "72"]
[EventDate "2018.07.15"]
[EventType "schev (rapid)"]
[EventRounds "8"]
[EventCountry "RUS"]
[SourceTitle "CBM 185 Extra"]
[Source "ChessBase"]
[SourceDate "2018.07.29"]
[SourceVersion "1"]
[SourceVersionDate "2018.07.29"]
[SourceQuality "1"]
[WhiteTeam "Russia"]
[BlackTeam "China"]
[WhiteTeamCountry "RUS"]
[BlackTeamCountry "CHN"]

1. e4 c5 2. Nf3 d6 3. c3 Nf6 4. Be2 Nxe4 5. Qa4+ Bd7 6. Qxe4 Qc7 7. 0-0 e6 8. d4 d5 9. Qe3 c4 10. Ne5 f6 11. Nf3 g5 12. h3 h5 13. Nxg5 fxg5 14. Qxg5 h4 15. Bh5+ Rxh5 16. Qxh5+ Kd8 17. Bg5+ Kc8 18. Qh8 Qd6 19. Bh6 b6 20. Bxf8 Qc6 21. Bg7+ Kb7 22. Qxh4 Na6 23. Nd2 Be8 24. Rfe1 Nc7 25. Nf3 Bf7 26. Qe7 Bg8 27. Be5 Rc8 28. g4 a5 29. h4 Ka6 30. h5 Na8 31. g5 Re8 32. Qg7 Qc8 33. g6 Rf8 34. Bf6 Nc7 35. Ne5 Ne8 36. Qxf8 Qd8 1-0

[Event "Tuimazy Cup Tuimazy-A op"]
[Site "Tuimazy"]
[Date "2016.09.24"]
[Round "5"]
[White "Baiburin, Ildar"]
[Black "Baiburina, Kamilla"]
[Result "1-0"]
[WhiteElo "1950"]
[BlackElo "1743"]
[PlyCount "59"]
[EventDate "2016.09.17"]
[EventType "tourn"]
[EventRounds "7"]
[EventCountry "RUS"]
[SourceTitle "EXT 2022"]
[Source "ChessBase"]
[SourceDate "2021.10.06"]
[SourceVersion "1"]
[SourceVersionDate "2021.10.06"]
[SourceQuality "1"]

1. Nf3 Nf6 2. g3 g6 3. Bg2 Bg7 4. 0-0 0-0 5. c4 d6 6. Nc3 e5 7. d4 Nbd7 8. e4 c6 9. h3 Re8 10. Be3 a5 11. Qc2 exd4 12. Nxd4 Nc5 13. Rad1 Qc7 14. Rfe1 Nfd7 15. f4 b6 16. e5 dxe5 17. Ndb5 Qd8 18. Bxc6 Rb8 19. f5 Bb7 20. Bxb7 Nxb7 21. Re2 Qe7 22. Nd5 Qf8 23. Rf2 Nbc5 24. Rdf1 gxf5 25. Qxf5 f6 26. g4 e4 27. g5 Re5 28. Qg4 Kh8 29. gxf6 Bh6 30. Bd4 1-0

[Event "Tuimazy Cup Tuimazy-A op"]
[Site "Tuimazy"]
[Date "2016.09.17"]
[Round "2"]
[White "Baiburina, Kamilla"]
[Black "Gafarov, Damir"]
[Result "1-0"]
[WhiteElo "1743"]
[BlackElo "1898"]
[PlyCount "115"]
[EventDate "2016.09.17"]
[EventType "tourn"]
[EventRounds "7"]
[EventCountry "RUS"]
[SourceTitle "EXT 2022"]
[Source "ChessBase"]
[SourceDate "2021.10.06"]
[SourceVersion "1"]
[SourceVersionDate "2021.10.06"]
[SourceQuality "1"]

1. d4 Nf6 2. Bf4 g6 3. Nf3 Bg7 4. e3 0-0 5. h3 d6 6. Bd3 Nbd7 7. c3 Re8 8. Bc2 c5 9. 0-0 a6 10. Nbd2 b5 11. a4 Bb7 12. Qe2 Qc8 13. Rfd1 cxd4 14. exd4 e5 15. dxe5 dxe5 16. Bh2 e4 17. Nd4 Nh5 18. Bb3 Nc5 19. axb5 e3 20. fxe3 Bh6 21. Nf1 Nxb3 22. Nxb3 axb5 23. Rxa8 Qxa8 24. Nd4 Bf4 25. Qf2 Bxh2+ 26. Kxh2 Qa4 27. b3 Qa5 28. Ne2 Qc7+ 29. Kg1 Qc6 30. Rd3 Qe4 31. Rd4 Qc6 32. c4 bxc4 33. Rxc4 Qb5 34. Nd4 Qb6 35. Qd2 Ba6 36. Rc6 Qb7 37. Qf2 Ng7 38. Qf4 Ne6 39. Qf3 Nxd4 40. exd4 Qb5 41. Rc7 Qxf1+ 42. Qxf1 Bxf1 43. Kxf1 Rd8 44. Rc4 Kf8 45. Ke2 Rd7 46. Kd3 Ke7 47. Rc6 Rb7 48. Kc4 Kd7 49. d5 f5 50. b4 Rb8 51. b5 Re8 52. b6 Re2 53. Kc5 Rc2+ 54. Kb5 Rxg2 55. b7 Rd2 56. Ka6 Rxd5 57. Rb6 Rd3 58. b8Q 1-0

[Event "Sterlitamak-ch U16 Girls 3"]
[Site "Sterlitamak"]
[Date "2016.08.17"]
[Round "1"]
[White "Baiburina, Kamilla"]
[Black "Buzueva, Alexandra"]
[Result "1-0"]
[WhiteElo "1740"]
[BlackElo "1544"]
[PlyCount "55"]
[EventDate "2016.08.17"]
[EventType "tourn"]
[EventRounds "8"]
[EventCountry "RUS"]
[SourceTitle "EXT 2022"]
[Source "ChessBase"]
[SourceDate "2021.10.06"]
[SourceVersion "1"]
[SourceVersionDate "2021.10.06"]
[SourceQuality "1"]

1. e4 e6 2. d4 d5 3. exd5 exd5 4. Nf3 Bd6 5. c4 Nf6 6. Be2 0-0 7. 0-0 c6 8. Bg5 Bg4 9. c5 Bc7 10. h3 Bh5 11. g4 Bg6 12. Ne5 Nbd7 13. f4 Be4 14. Nd2 Qe8 15. Bh4 h6 16. Qb3 b6 17. cxb6 Nxb6 18. Bxf6 gxf6 19. Nxe4 dxe4 20. Ng6 Qd7 21. Nxf8 Qxd4+ 22. Kh1 Kxf8 23. Rad1 Qc5 24. Rc1 Qd6 25. Qc3 Nd5 26. Qxc6 Qxc6 27. Rxc6 Bxf4 28. Bc4 1-0

[Event "Chishmy Cup 08 A"]
[Site "Chishmy"]
[Date "2016.08.09"]
[Round "5"]
[White "Baiburina, Kamilla"]
[Black "Ganiev, Renat"]
[Result "1-0"]
[WhiteElo "1704"]
[BlackElo "1893"]
[PlyCount "56"]
[EventDate "2016.08.06"]
[EventType "tourn"]
[EventRounds "9"]
[EventCountry "RUS"]
[SourceTitle "EXT 2022"]
[Source "ChessBase"]
[SourceDate "2021.10.06"]
[SourceVersion "1"]
[SourceVersionDate "2021.10.06"]
[SourceQuality "1"]

1. d4 d5 2. Nf3 Nf6 3. Bf4 Bf5 4. e3 e6 5. Be2 Bd6 6. Ne5 0-0 7. h4 h6 8. g4 Be4 9. f3 Bh7 10. g5 hxg5 11. hxg5 Nfd7 12. Bd3 Bxd3 13. Qxd3 f5 14. gxf6 Nxf6 15. Ng6 Re8 16. e4 Bxf4 17. Nxf4 dxe4 18. fxe4 Nc6 19. e5 Nxd4 20. exf6 Qxf6 21. Qh7+ Kf7 22. Rf1 Qe5+ 23. Kd1 Nf5 24. Nd3 Rad8 25. Nd2 Qd5 26. Qh5+ Kg8 27. Qf3 c5 28. Rf2 Nd4 1-0